000 00313nam a22001217a 4500
008 180605b xxu||||| |||| 00| 0 eng d
041 _aeng
080 _a043.3
100 _a0
101 _aMBE-MA
245 _aVendimmarrja Menaxheriale nen kushte pasigurie ne Sektorin Financiar
_cRexhepaj, D
942 _2udc
_cBK
999 _c46352
_d46352